[Event "Cetinje Dragasevic Memorial"]
[Site "Cetinje"]
[Date "2024.06.23"]
[Round "3"]
[White "Pogorelskikh, Sergey"]
[Black "Zherzdev, Mikhail"]
[Result "1/2-1/2"]
[WhiteElo "2196"]
[BlackElo "1892"]
[PlyCount "136"]
[EventDate "2024.06.22"]
[EventType "swiss"]
[EventRounds "9"]
[EventCountry "MNE"]
[SourceTitle "CBM 220 Extra"]
[Source "ChessBase"]
[SourceDate "2024.07.31"]
[SourceVersion "1"]
[SourceVersionDate "2024.07.31"]
[SourceQuality "1"]

1. e4 c5 2. Nf3 g6 3. c3 Bg7 4. d4 cxd4 5. cxd4 d5 6. e5 a6 7. Nc3 Nc6 8. Be2 Bg4 9. h3 Bxf3 10. Bxf3 e6 11. Be3 Nge7 12. g4 f6 13. exf6 Bxf6 14. Qd2 Nc8 15. Rc1 Nd6 16. b3 0-0 17. Bg2 Bh4 18. 0-0 Qf6 19. a3 Rad8 20. Qd3 Rd7 21. Na4 Ne4 22. Nc5 Nxc5 23. Rxc5 Rdf7 24. b4 Na7 25. a4 Nc8 26. f4 Nd6 27. b5 axb5 28. axb5 Bg3 29. Bd2 Qh4 30. Qe2 Nc4 31. Rxc4 dxc4 32. Qxe6 Kg7 33. Qe4 c3 34. Bxc3 Bxf4 35. d5+ Kh6 36. Qd4 Bg5 37. Rxf7 Rxf7 38. d6 Qg3 39. Bd2 Bxd2 40. Qxd2+ Qf4 41. Qxf4+ Rxf4 42. Bxb7 Rd4 43. Kf2 Rxd6 44. h4 g5 45. h5 Rd3 46. Ke2 Rb3 47. Bc6 Kg7 48. Kd2 h6 49. Kc2 Rb4 50. Bd7 Kf6 51. Kc3 Rb1 52. Kc2 Ra1 53. b6 Ra6 54. b7 Rb6 55. Bc8 Ke5 56. Kd3 Kd5 57. Kc3 Rb5 58. Kd3 Rb3+ 59. Kc2 Rb6 60. Kc3 Ke5 61. Kc4 Kf4 62. Kd5 Rxb7 63. Bxb7 Kxg4 64. Ke4 Kxh5 65. Kf3 Kh4 66. Kg2 Kh5 67. Bf3+ g4 68. Bd1 Kg5 1/2-1/2